Vývojové trendy regionálnych štruktúr (metropolizácia)

Metropolizácia a metropolitný areál. Schopnosť pre metropolizáciu. Vznik a lokalizácia metropolitných funkcií. Formovanie metropolitných areálov (regiónov). Základné znaky metropolitných areálov. Formovanie európskeho metropolitného regiónu severného Švajčiarska - identifikácia pôsobnosti nových re...

Full description

Saved in:
Bibliographic Details
Main Author: Ivaničková, Alžbeta
Format: Book Chapter
Language:Slovak
Subjects:
Tags: Add Tag
No Tags, Be the first to tag this record!

MARC

LEADER 00000nla$a2200000$$$4500
001 0107889
005 20240502072206.1
041 0 |a slo 
044 |a SK 
245 1 0 |a Vývojové trendy regionálnych štruktúr (metropolizácia)  |c Alžbeta Ivaničková 
520 |a Metropolizácia a metropolitný areál. Schopnosť pre metropolizáciu. Vznik a lokalizácia metropolitných funkcií. Formovanie metropolitných areálov (regiónov). Základné znaky metropolitných areálov. Formovanie európskeho metropolitného regiónu severného Švajčiarska - identifikácia pôsobnosti nových regiónotvorných síl. 
610 2 0 |a regióny 
610 2 0 |a regióny metropolitné 
610 2 0 |a rozvoj regionálny 
610 2 0 |a inovácia 
610 2 0 |a firmy 
610 2 0 |a služby 
610 2 0 |a ekonomika vedomostná 
610 2 0 |a Švajčiarsko 
100 1 |a Ivaničková, Alžbeta